Vista normal Vista MARC

Entrada Topical Term

Número de registros utilizados en: 1

001 - CONTROL NUMBER

  • control field: 13191

003 - CONTROL NUMBER IDENTIFIER

  • control field: OSt

005 - DATE AND TIME OF LATEST TRANSACTION

  • control field: 20210209122214.0

008 - FIXED-LENGTH DATA ELEMENTS

  • fixed length control field: 210209|| aca||aabn | a|a d

040 ## - CATALOGING SOURCE

  • Original cataloging agency: OSt
  • Transcribing agency: OSt

150 ## - HEADING--TOPICAL TERM

  • Topical term or geographic name entry element: Mujeres etnólogas

670 ## - SOURCE DATA FOUND

  • Source citation: Work cat.: (OSt): Echeverry de Ferrufino, Ligia, autora 13189, Premio nacional al merito científico 1994 : , c1995